Exercise physiology : (Record no. 52593)

MARC details
000 -LEADER
fixed length control field 00548nam a2200205Ia 4500
005 - DATE AND TIME OF LATEST TRANSACTION
control field 20260429112139.0
008 - FIXED-LENGTH DATA ELEMENTS--GENERAL INFORMATION
fixed length control field 260429s9999||||xx |||||||||||||| ||und||
020 ## - INTERNATIONAL STANDARD BOOK NUMBER
International Standard Book Number 9781265213367
041 ## - LANGUAGE CODE
Language English
082 ## - DEWEY DECIMAL CLASSIFICATION NUMBER
Classification number 612.76
Item number BEA
100 ## - MAIN ENTRY--PERSONAL NAME
Personal name Beam, William C.
245 #0 - TITLE STATEMENT
Title Exercise physiology :
Remainder of title laboratory manual /
Statement of responsibility, etc William C. Beam
250 ## - EDITION STATEMENT
Edition statement 9th ed.
260 ## - PUBLICATION, DISTRIBUTION, ETC. (IMPRINT)
Place of publication, distribution, etc New York :
Name of publisher, distributor, etc McGraw Hill,
Date of publication, distribution, etc 2023.
300 ## - PHYSICAL DESCRIPTION
Extent ix, 339 p.; pbk
650 ## - SUBJECT ADDED ENTRY--TOPICAL TERM
Topical term or geographic name as entry element Labpratory manual
650 ## - SUBJECT ADDED ENTRY--TOPICAL TERM
Topical term or geographic name as entry element Physiology
700 ## - ADDED ENTRY--PERSONAL NAME
Personal name Adams, Gene M.
942 ## - ADDED ENTRY ELEMENTS (KOHA)
Koha item type Text Books
Holdings
Withdrawn status Lost status Damaged status Not for loan Collection code Home library Location Shelving location Date of Cataloging Source of acquisition Total Checkouts Full call number Barcode Date last seen Price effective from Koha item type
        Non-fiction CUTN Central Library CUTN Central Library Medicine, Technology & Management 29/04/2026 TBH Library Book Suppliers, Chennai - Invoice No. SINV00733 on 09-02-2026   612.76 BEA 57696 29/04/2026 29/04/2026 Text Books